00389nam a2200145Ia 4500008004100000020001500041041000800056082001900064100001800083245004700101260004900148300001700197365000700214650002200221210719s1997 xx 000 0 und d a0201479532 aeng a621.38195 SHAP aSHANLEY (Tom) aPentium pro processor system architecture. aMassachusetts.bAddison Wesley Longmanc1997 axxxi,526bPB cRs aComputer Hardware